Library of the University of Algiers 3
Ibrahim Sultan Cheibout
شعار جامعة الجزائر 3
مكتبة جامعة الجزائر 3
إبراهيم سلطان شيبوط

مبادئ محاسبة التكاليف / (رقم التسجيلة. 44412)

تفاصيل مارك
000 -LEADER
fixed length control field 01629nam a2200253Ia 4500
003 - CONTROL NUMBER IDENTIFIER
control field Ost
005 - DATE AND TIME OF LATEST TRANSACTION
control field 20260507075411.0
008 - FIXED-LENGTH DATA ELEMENTS--GENERAL INFORMATION
fixed length control field 260507s9999||||xx |||||||||||||| ||und||
020 ## - INTERNATIONAL STANDARD BOOK NUMBER
International Standard Book Number 9951146111
040 ## - CATALOGING SOURCE
Transcribing agency fsecg
041 ## - LANGUAGE CODE
Language code of text/sound track or separate title ara
082 ## - DEWEY DECIMAL CLASSIFICATION NUMBER
Classification number 600
100 ## - MAIN ENTRY--PERSONAL NAME
Personal name الرجبي، محمد تيسيرعبد الحكيم
Relator term مؤلف
245 #0 - TITLE STATEMENT
Title مبادئ محاسبة التكاليف /
Statement of responsibility, etc. محمد تيسيرعبد الحكيم الرجبي
250 ## - EDITION STATEMENT
Edition statement طبعة 3
260 ## - PUBLICATION, DISTRIBUTION, ETC.
Place of publication, distribution, etc. عمان:
Name of publisher, distributor, etc. دار وائل,
Date of publication, distribution, etc. 2004
300 ## - PHYSICAL DESCRIPTION
Extent 438 صفحة؛
Other physical details إيضاحات ؛
Dimensions 24 سم
504 ## - BIBLIOGRAPHY, ETC. NOTE
Bibliography, etc. note المراجع ص.435
520 ## - SUMMARY, ETC.
Summary, etc. يضم التعريف بمحاسبة التكاليف، طبيعة وتصنيفات التكاليف، محاسبة تكاليف الأوامر الإنتاجية، محاسبة المراحل الإنتاجية، التالف والفاقد والوحدات المعيبة والخردة، التكاليف الصناعية غير المباشرة، تكاليف المنتجات الرئيسية والمنتجات الفرعية، نظام تكاليف الأنشطة، طرق تحميل التكاليف الكلية والمتغيرة، التكاليف المعيارية للمواد والأجور والأعباء الإضافية، التكاليف المعيارية.الدورة المحاسبية، مواضع خاصة في تحليل انحرافات التكاليف، تحليل انحرافات الايرادات
653 ## - INDEX TERM--UNCONTROLLED
Uncontrolled term الادارة المالية
653 ## - INDEX TERM--UNCONTROLLED
Uncontrolled term التكاليف المعيارية
653 ## - INDEX TERM--UNCONTROLLED
Uncontrolled term محاسبة التكاليف
942 ## - ADDED ENTRY ELEMENTS (KOHA)
Koha item type كتب
المقتنيات
Withdrawn status Lost status Source of classification or shelving scheme Damaged status Not for loan Home library Current library Date acquired Serial enumeration / chronology Inventory number Total checkouts Full call number Barcode Date last seen Price effective from Koha item type
    Dewey Decimal Classification   NOT LOAN / إعارة داخلية مكتبة كلية العلوم الإقتصادية والعلوم التجارية وعلوم التسيير مكتبة كلية العلوم الإقتصادية والعلوم التجارية وعلوم التسيير 07/05/2026 الطابق الأرضي 27126   أ/4479ن1 27126 07/05/2026 07/05/2026 كتب
    Dewey Decimal Classification   Available مكتبة كلية العلوم الإقتصادية والعلوم التجارية وعلوم التسيير مكتبة كلية العلوم الإقتصادية والعلوم التجارية وعلوم التسيير 07/05/2026 الطابق الأرضي 27127   أ/4479ن2 27127 07/05/2026 07/05/2026 كتب
    Dewey Decimal Classification   Available مكتبة كلية العلوم الإقتصادية والعلوم التجارية وعلوم التسيير مكتبة كلية العلوم الإقتصادية والعلوم التجارية وعلوم التسيير 07/05/2026 الطابق الثاني 27128   أ/4479ن3 27128 07/05/2026 07/05/2026 كتب

موارد الويب المفتوحة


© University of Algiers 3 All Rights Reserved
|
Implemented by LECHELAH Riad